| 000 | 00992nas a2200337 4500 | ||
|---|---|---|---|
| 001 | BR0202641 | ||
| 003 | BR-BrBNA | ||
| 005 | 20231205103001.0 | ||
| 007 | ta | ||
| 008 | 230509b bl.|||p| |||| 00| 00por d | ||
| 040 |
_aBR-BrBNA _bpor _cBiblioteca Nacional de Agricultura |
||
| 041 | _a(Pt) | ||
| 072 | _aL70 | ||
| 100 | 1 | _aSilva, L.A.F. da | |
| 100 | 1 | _aAndrade, M.A. | |
| 100 | 1 | _aFioravanti, M.C.S. | |
| 100 | 1 | _aRomani, A.F. | |
| 100 | 1 | _aAlves, C.B. | |
| 100 | 1 | _aRabelo, R.E. | |
| 100 | 1 | _aBorges, G.T. | |
| 245 | 1 | _aModificação da técnica de aderência cirúrgica do pênis à parede abdominal ventral e avaliação do pós-operatório | |
| 650 | _aBOVINO | ||
| 650 | _aPÊNIS | ||
| 650 | _aADERÊNCIA | ||
| 650 | _aCIRURGIA | ||
| 650 | _aVETERINÁRIA | ||
| 650 | _aMÉTODO | ||
| 773 | 0 |
_tCiência Animal Brasileira (Brazil) _xISSN 1518-2797 _g(Jan-Jun 2001), v.2(1) p. 57-64 _wBR0202641 |
|
| 909 |
_a202311 _bLúcia _c55 _dLúcia Elande |
||
| 942 |
_2AGRIS _n0 _cANA |
||
| 999 |
_c170406 _d170406 |
||